Poseídos del demonio / (Record no. 167142)

MARC details
000 -LEADER
campo de control de longitud fija 00589nam a22001695i 4500
001 - NÚMERO DE CONTROL
campo de control 167142
003 - IDENTIFICADOR DE NÚMERO DE CONTROL
campo de control ES-MaACL
005 - FECHA Y HORA DE LA ÚLTIMA TRANSACCIÓN
campo de control 20230906213452.0
008 - DATOS DE LONGITUD FIJA--INFORMACIÓN GENERAL
campo de control de longitud fija 960320s1887 sp |||| | spa d
040 ## - FUENTE DE CATALOGACIÓN
Centro catalogador/agencia de origen CARM
Lengua de catalogación spa
Centro/agencia transcriptor CCPB | SIC
100 1# - ENTRADA PRINCIPAL--NOMBRE DE PERSONA
Nombre de persona Lozano, Fernando (
Fechas asociadas al nombre 1844-1935)
9 (RLIN) 74416
245 10 - MENCIÓN DEL TÍTULO
Título Poseídos del demonio /
Mención de responsabilidad, etc. Demófilo.
260 ## - PUBLICACIÓN, DISTRIBUCIÓN, ETC.
Lugar de publicación, distribución, etc. Madrid :
Nombre del editor, distribuidor, etc. [s.n.],
Fecha de publicación, distribución, etc. 1887 (
Fabricante Imprenta de Ramon Angulo)
300 ## - DESCRIPCIÓN FÍSICA
Extensión 228 p. ;
Dimensiones 18 cm.
594 #1 - Nota al título y mención de responsabilidad
Nota al título y mención de responsabilidad Demofilo es seud. del P. Leonardo Velasco.
852 ## - LOCALIZACIÓN
Ubicación ES-MaACL
Número de control de estantería D-3212
Nota libre -- Rust.
condición física -- Edic.: Demófilo es seudónimo de Fernando Lozano
Holdings
Estatus retirado Estado de pérdida Estado de daño No para préstamo Colección Biblioteca de origen Biblioteca actual Ubicación en estantería Fecha de adquisición Fuente de adquisición Total de préstamos Signatura topográfica completa Código de barras Visto por última vez Precio de reemplazo Tipo de ítem Koha
        Libros del s. XIX Biblioteca del Ateneo de Madrid Biblioteca del Ateneo de Madrid Sala Valle Inclán 17/01/2008     D-3212 901175330 23/02/2023 23/02/2023 Libro impreso antiguo